| 000 | 00898nam a22003017a 4500 | ||
|---|---|---|---|
| 003 | CHAP | ||
| 005 | 20220329133455.0 | ||
| 008 | 971013s1981 r 00010 d | ||
| 010 | _a6802 | ||
| 011 | _a7774 | ||
| 035 | _a6998 | ||
| 040 | _cCHAP | ||
| 090 | _aFolleto 14164 (1981) | ||
| 110 |
_aInternational Organization for Standardization _959760 |
||
| 245 | _aCodes for the representation of names of countries | ||
| 260 |
_a(s.l.) : _bISO, _c1981 |
||
| 300 | _a49 p | ||
| 490 |
_aISO _v; 3166 |
||
| 590 |
_aBATCH-UPD _b10 _c20130110 _lUCH01 _h2310 |
||
| 590 |
_aBATCH-UPD _b10 _c20130410 _lUCH01 _h1602 |
||
| 590 |
_aBATCH-UPD _b10 _c20130914 _lUCH01 _h1840 |
||
| 590 |
_aCONVERSION _b10 _c20130109 _lUCH01 _h1305 |
||
| 650 | 1 | 4 |
_aNombres geográficos. _981631 |
| 830 | 0 |
_aISO _v; 3166 _960623 |
|
| 901 | _aBK | ||
| 942 | _cFOLL | ||
| 949 |
_aFolleto 14164 (1981) _bBC _cFOLL _d-16750 _eTS1 _i6998 _si |
||
| 999 |
_c6802 _d6802 |
||